Welcome to WEB OPAC of MRSPTU Central Library

Architecture theory since 1968 (Record no. 6448)

MARC details
000 -LEADER
fixed length control field 00424nam a2200169Ia 4500
008 - FIXED-LENGTH DATA ELEMENTS--GENERAL INFORMATION
fixed length control field 230711s9999||||xx |||||||||||||| ||und||
020 ## - INTERNATIONAL STANDARD BOOK NUMBER
International Standard Book Number 978-0-262-12106-4
041 ## - LANGUAGE CODE
Language code of text/sound track or separate title ENG
082 ## - DEWEY DECIMAL CLASSIFICATION NUMBER
Classification number 720.1
Item number HA-A
100 ## - MAIN ENTRY--PERSONAL NAME
Personal name Hays, K. Michael
245 #0 - TITLE STATEMENT
Title Architecture theory since 1968
250 ## - EDITION STATEMENT
Edition statement 26th Ed.
260 ## - PUBLICATION, DISTRIBUTION, ETC.
Date of publication, distribution, etc. 2000
Place of publication, distribution, etc. London
Name of publisher, distributor, etc. Columbia Books of Architecture
300 ## - PHYSICAL DESCRIPTION
Extent 809p.
650 ## - SUBJECT ADDED ENTRY--TOPICAL TERM
Topical term or geographic name entry element Architecture
942 ## - ADDED ENTRY ELEMENTS (KOHA)
Koha item type Book
Holdings
Withdrawn status Lost status Damaged status Not for loan Collection Home library Current library Date acquired Cost, normal purchase price Inventory number Total checkouts Full call number Barcode Date last seen Price effective from Koha item type
          MRSPTU Central Library MRSPTU Central Library 07/03/2043 55.95 KBD/2017-2018/1018343059   720.1 HA-A 38409 08/17/2023 08/17/2023 Book

Website Designed and Developed by MRSPTU Central Library Team

E-mail Id: librarian@mrsptu.ac.in